Normal view
MARC view
- Parkash Kumar Chaturvedi
Entry Personal Name
001 - CONTROL NUMBER
- control field: 99245
003 - CONTROL NUMBER IDENTIFIER
- control field: NUST
005 - DATE AND TIME OF LATEST TRANSACTION
- control field: 20221006110704.0
008 - FIXED-LENGTH DATA ELEMENTS
- fixed length control field: 221006|| aca||aabn | a|a d
040 ## - CATALOGING SOURCE
- Original cataloging agency: NUST
- Transcribing agency: NUST
100 ## - HEADING--PERSONAL NAME
- Personal name: Parkash Kumar Chaturvedi
670 ## - SOURCE DATA FOUND
- Source citation: Work cat.: (NUST)591530: Parkash Kumar Chaturvedi, Microwave, radar & RF engineering.
